000 00318 a2200133 4500
001 92014
082 _aPR 2315
090 _c43971
_d43970
100 _aAhmed Imad; Prof Fawad Rauf, Advisor
245 _aNeutral Works
_n44 "B" EC
260 _aRawalpindi
_bNUST
_c1996
300 _a65p
500 _aBE Project Report
942 _aCAE NUST
_kPR 2315
999 _c327087
_d327087